Μελέτη και στρατηγικές προσαρμογής για τη παράκτια διάβρωση των οικισμών Κορδία Καλαμάτας (Μεσσηνία), Αβία Μεσσηνίας και Μεθώνη Μεσσηνίας

Αποθηκεύτηκε σε:
Λεπτομέρειες βιβλιογραφικής εγγραφής
Κύριος συγγραφέας: Ιατρόπουλος, Ευθύμιος
Συγγραφή απο Οργανισμό/Αρχή: Πανεπιστήμιο Αιγαίου Σχολή Περιβάλλοντος Τμήμα Επιστημών της Θάλασσας Πρόγραμμα Μεταπτυχιακών Σπουδών Διαχείριση Παράκτιων Περιοχών
Άλλοι συγγραφείς: Καραμπάς, Θεοφάνης (Εισηγητής διατριβής)
Μορφή: Thesis Βιβλίο
Γλώσσα:Greek
Δημοσίευση: 2010
Θέματα:
Διαθέσιμο Online:http://hdl.handle.net/11610/13654
Ετικέτες: Προσθήκη ετικέτας
Δεν υπάρχουν, Καταχωρήστε ετικέτα πρώτοι!

MARC

LEADER 00000cam a2200000 i 4500
001 1/16126
008 111101s2010 gre d
035 |l 10111243 
040 |a GR-MY-UA  |b gre  |e aacr 
041 0 |a gre 
082 0 |a 333.917  |2 (22) 
100 1 |a Ιατρόπουλος, Ευθύμιος. 
245 1 0 |a Μελέτη και στρατηγικές προσαρμογής για τη παράκτια διάβρωση των οικισμών Κορδία Καλαμάτας (Μεσσηνία), Αβία Μεσσηνίας και Μεθώνη Μεσσηνίας /  |c Ιατρόπουλος Ευθύμιος ; επιβλέπων: Θ. Καραμπάς 
260 |c 2010 
300 |a 87 σ.;  |b εικ.;  |c 30 εκ. 
502 |a Διατριβή (μεταπτυχιακή) – Πανεπιστήμιο Αιγαίου, Λέσβος, 2010. 
504 |a Βιβλιογραφία: σ. 83-87 
650 0 |a Beaches  |z Greece  |z Messenia. 
650 0 |a Coast changes  |z Greece  |z Messenia. 
650 0 |a Coastal zone management  |z Greece  |z Messenia. 
650 0 0 |a Dissertations, Academic  |z Greece. 
700 1 |a Καραμπάς, Θεοφάνης.  |4 ths 
710 2 |a Πανεπιστήμιο Αιγαίου  |b Σχολή Περιβάλλοντος  |b Τμήμα Επιστημών της Θάλασσας  |b Πρόγραμμα Μεταπτυχιακών Σπουδών Διαχείριση Παράκτιων Περιοχών. 
852 |a INST  |b LESVOS  |c DIATR  |e 20111101  |h 203  |p 005100051160  |q 005100051160  |t MTXE  |y 23 
852 |a INST  |b LESVOS  |c DIATR  |e 20111101  |h 204  |p 005100051159  |q 005100051159  |t MTXE  |y 23 
856 |u http://hdl.handle.net/11610/13654 
901 |a BIBL1-2011-3 
909 |a Λ  |b 172986 
909 |a Λ  |b 172987 
924 |a ΙΑΤΡΟΠΟΥΛΟΣ  |b ΕΥΘΥΜΙΟΣ  |y ΛΕΣΒΟΣ  |z 2010-06 
970 |a ΤΖΑΦΕΡΗ  |b ΕΥΑΓΓΕΛΙΑ  |z 2011/11/01